|
|
|
|
| LEADER |
00000nab a2200000 a 4500 |
| 001 |
vtls000579071 |
| 003 |
SK-MaSNL |
| 005 |
20260304222105.0 |
| 008 |
180331c1996 xo 0 slo |
| 015 |
|
|
|a SNBRB19rr/mm-uuuuu
|
| 035 |
|
|
|a CL0579209
|
| 040 |
|
|
|a SNKBUCL
|b slo
|c SNKBUCL
|e AACR2
|
| 041 |
0 |
|
|a slo
|
| 044 |
|
|
|a xo
|c SK
|
| 080 |
|
|
|a 341.241(437.6:439
|2 1981
|
| 100 |
1 |
|
|a Šesták, Jozef
|4 aut
|9 366233
|
| 245 |
1 |
0 |
|a Komu ne/vyhovuje slovensko-maďarská základná zmluva
|c Jozef Šesták, Ján Varšo
|
| 650 |
0 |
7 |
|a Zmluva o dobrom susedstve a priateľskej spolupráci medzi SR a MR
|2 snkbucl
|9 1232122
|
| 651 |
|
7 |
|a Slovensko
|2 snkbucl
|
| 651 |
|
7 |
|a Maďarsko
|2 snkbucl
|9 16754
|
| 655 |
|
7 |
|a články z novín a časopisov
|2 snkbucl
|9 267496
|
| 700 |
1 |
|
|a Varšo, Ján
|4 aut
|9 6934
|
| 773 |
0 |
|
|t Národná obroda
|g Roč. 7, č. 73 (27. 3. 1996)
|
| 773 |
0 |
|
|t [Príl.] Dokument
|g S. I-II
|
| 850 |
|
|
|a Slovenská národná knižnica v Martine
|a MTA001
|
| 852 |
|
|
|a SNK
|b KIS3GCP
|
| 958 |
|
|
|a RK
|
| 958 |
|
|
|a HU
|
| 958 |
|
|
|a SK
|
| 992 |
|
|
|a RBX
|
| 999 |
|
|
|c 3161237
|d 3163167
|